Normal view
MARC view
- New England
Entry Geographic Name
001 - CONTROL NUMBER
- control field: 153676
003 - CONTROL NUMBER IDENTIFIER
- control field: TR-AnTOB
005 - DATE AND TIME OF LATEST TRANSACTION
- control field: 20260415142626.0
008 - FIXED-LENGTH DATA ELEMENTS
- fixed length control field: 260415n|eazannaab| |n aaa d
035 ## - SYSTEM CONTROL NUMBER
- System control number: (TR-AnTOB)
040 ## - CATALOGING SOURCE
- Original cataloging agency: SULEY
- Transcribing agency: SULEY
- Modifying agency: TR-AnTOB
151 ## - HEADING--GEOGRAPHIC NAME
- Geographic name: New England
- Form subdivision: Drama
670 ## - SOURCE DATA FOUND
- Source citation: Work cat.: (SULEY)90017: Dream house, 2011
688 ## - APPLICATION HISTORY NOTE
- Institution to which field applies: TR-AnTOB
- Application history note: Op 15.04.2026



